Optimálna stratégia doplnkového dôchodkového poistenia v Slovenskej republike v kontexte legislatívnych zmien

V roku 2003 bola schválená dôchodková reforma a doplnkové dôchodkové poistenie bude patriť do tzv. tretieho piliera dôchodkového zabezpečenia. Optimálne využitie doterajšieho zákona o doplnkovom dôchodkovom poistení. Optimálna stratégia v prípade platnosti navrhovaných podmienok pre doplnkové dôchod...

Descrizione completa

Salvato in:
Dettagli Bibliografici
Autore principale: Jakubíková, Emília
Altri autori: Šoltés, Vincent
Natura: Capitolo di libro
Lingua:slovacco
Soggetti:
Tags: Aggiungi Tag
Nessun Tag, puoi essere il primo ad aggiungerne!!

MARC

LEADER 00000naa$a2200000$$$4500
001 0025639
005 20231107070644.3
041 0 |a slo 
044 |a CZ 
245 1 0 |a Optimálna stratégia doplnkového dôchodkového poistenia v Slovenskej republike v kontexte legislatívnych zmien  |c Emília Jakubíková, Vincent Šoltés 
520 |a V roku 2003 bola schválená dôchodková reforma a doplnkové dôchodkové poistenie bude patriť do tzv. tretieho piliera dôchodkového zabezpečenia. Optimálne využitie doterajšieho zákona o doplnkovom dôchodkovom poistení. Optimálna stratégia v prípade platnosti navrhovaných podmienok pre doplnkové dôchodkové poistenie. Kritériom optimalizácie je získanie maximálnych výhod pri minimálnom príspevku klienta. 
610 2 0 |a poistenie dôchodkové doplnkové 
610 2 0 |a Slovensko 
610 2 0 |a legislatíva 
610 2 0 |a klienti 
610 2 0 |a výnosy 
610 2 0 |a optimalizácia 
610 2 0 |a matematika poistná 
100 1 |a Jakubíková, Emília 
700 1 |a Šoltés, Vincent